Privatizace v Rakousku
Pripravovaná transformácia vlastníckych vzťahov a privatizácia štátnych podnikov v Rakúsku. Očakávané príjmy z predaja štátnych podnikov. Ponuka privatizácie. Privatizačný proces v Rakúsku v r.1986-1990. Skúsenosti so štátom kontrolovaným priemyslom v niektorých rakúskych štátnych koncernoch.
Salvato in:
| Natura: | Capitolo di libro |
|---|---|
| Lingua: | ceco |
| Soggetti: | |
| Tags: |
Nessun Tag, puoi essere il primo ad aggiungerne!!
|
MARC
| LEADER | 00000naa a2200000 4500 | ||
|---|---|---|---|
| 001 | r016802 | ||
| 005 | 20221208131148.8 | ||
| 041 | 0 | |a cze | |
| 044 | |a CZ | ||
| 245 | 1 | 0 | |a Privatizace v Rakousku |
| 520 | |a Pripravovaná transformácia vlastníckych vzťahov a privatizácia štátnych podnikov v Rakúsku. Očakávané príjmy z predaja štátnych podnikov. Ponuka privatizácie. Privatizačný proces v Rakúsku v r.1986-1990. Skúsenosti so štátom kontrolovaným priemyslom v niektorých rakúskych štátnych koncernoch. | ||
| 610 | 2 | 0 | |a privatizácia |
| 610 | 2 | 0 | |a transformácia |
| 610 | 2 | 0 | |a vlastníctvo štátne |
| 610 | 2 | 0 | |a Rakúsko |
| 610 | 2 | 0 | |a podnik štátny |
| 610 | 2 | 0 | |a koncerny |
| 610 | 2 | 0 | |a dozor štátny |